Statistics for The Four Horsemen of the Apocalypse

Click here to take the quiz!

General Stats

  • This quiz has been taken 173 times
  • The average score is 6 of 8

Answer Stats

Horsemen & Color of the Horse% Correct
{Black} Horse
93%
Death
90%
{White} Horse
90%
War
88%
{Red} Horse
87%
Famine
82%
Pestilence
72%
{Pale} Horse
31%

Score Distribution

Percentile by Number Answered

Percent of People with Each Score

Your Score History

You have not taken this quiz